| 000 | 01277nam a2200361 i 4500 | ||
|---|---|---|---|
| 999 |
_c200428857 _d46781 |
||
| 001 | 200428857 | ||
| 003 | TR-AnTOB | ||
| 005 | 20230622001144.0 | ||
| 007 | ta | ||
| 008 | 160128s20152014tu aoh 1 tur d | ||
| 020 | _a9786051069623 | ||
| 040 |
_aTR-AnTOB _beng _cTR-AnTOB _erda |
||
| 041 | _atur | ||
| 050 |
_aDR503 _b.E76 2015 |
||
| 090 |
_aDR503 _bE76 2015 |
||
| 100 | 1 |
_aErtaylan, İsmail Hikmet _eauthor. _9110590 |
|
| 245 | 1 |
_aSultan Cem : _bFatih Sultan Mehmet’in en küçük oğlu / _cİsmail Hikmet Ertaylan. |
|
| 246 | 3 | _aFatih Sultan Mehmet’in en küçük oğlu | |
| 250 | _a1.Basım | ||
| 264 | 1 |
_aİstanbul : _bAlfa basım yayım dağıtım, _c2015. |
|
| 264 | 4 | _c©2014. | |
| 300 |
_a440 pages : _bphotos, illustrations, facsmiles ; _c24 cm |
||
| 336 |
_2rdacontent _atext |
||
| 337 |
_2rdamedia _aunmediated |
||
| 338 |
_2rdacarrier _avolume |
||
| 490 | 0 |
_aAlfa ; _v2658. _aTarih ; _v68. |
|
| 504 | _aIncludes bibliographical references pages and index. | ||
| 600 | 0 | 0 |
_aCem, _cPrince, son of Mehmed II, Sultan of the Turks, _d1459-1495 _962785 |
| 651 | 0 |
_aTurkey _xHistory _yOttoman Empire, 1288-1918 _94821 |
|
| 651 | 7 |
_aTürkiye _xTarih _yOsmanlı İmparatorluğu, 1288-1918 _2etuturkob _955241 |
|
| 942 |
_2lcc _cBK |
||